| 000 | 00496nam a2200181 a 4500 | ||
|---|---|---|---|
| 001 | 1765435095302 | ||
| 003 | YourLibrary | ||
| 005 | 20251213131027.0 | ||
| 008 | 251211s2008##################000#0#eng## | ||
| 020 | _a9780521101868 | ||
| 082 | 0 | 4 | _a895.112GRA |
| 100 | 1 |
_aWilliam T. Graham, Jr, _eauthor. |
|
| 245 | 1 | 0 | _a'The Lament for the South' : |
| 260 |
_bCambridge University Press, _c2008. |
||
| 650 | 0 | _aLiterary Criticism. | |
| 942 | _cENGLISH | ||
| 040 |
_aYourLibrary _beng _cYourLibrary |
||
| 999 |
_c602411 _d602411 |
||